000 00350nam a22001577a 4500
003 MACL
005 20151126165745.0
008 151126b xxu||||| |||| 00| 0 eng d
040 _cMACL
041 _aEnglish
082 _a790/SAK
100 _aSakakibara,Kiitsu
_918429
245 _aDances of Asia
650 _aDances
_917407
942 _2ddc
_cBK
999 _c51212
_d51212